000 00551nam a2200181 i 4500
001 23387
003 ES-MaACL
007 t|
008 021210s1955 xxu ||||1| eng d
100 1 _aAllen, Edgar V.
_919983
245 1 0 _aPeripheral vascular diseases /
_cEdgar V. Allen, Nelson W. Barker, Edgar A. Hines.
250 _a2nd ed.
260 _aPhiladelphia :
_bW.B. Saunders,
_c1955.
300 _aXIII, 825 p. :
_bil. ;
_c24 cm.
700 1 _aBarker, Nelson W.
_925681
700 1 _aHines, Edgar A.
_963755
852 _aES-MaACL
_jC-9061
_bR.37062
999 _c23387
_d23387